| Поле | Инд. | ПП | Название | Значение |
|---|---|---|---|---|
| Тип записи | a | |||
| Библиографический уровень | m | |||
| 001 | Контрольный номер | 283804d3-bba9-4c67-adba-9fa5f8fb7268 | ||
| 005 | Дата корректировки | 20140226143703.6 | ||
| 008 | Кодируемые данные | 000325 d | ||
| 020 | a | ISBN | 5-250-00801-1 | |
| c | Цена, тираж | 16.44 | ||
| 040 | a | Служба первич. каталог. | НБ ТвГУ | |
| 041 | a | Код языка текста | rus | |
| 080 | a | Индекс УДК | 327(47+57)(091)"19" | |
| a | Индекс УДК | 327.323.31(091) | ||
| 084 | a | Индекс другой классификации/Индекс ББК | Т3(2)6-6 | |
| 090 | a | Полочн. индекс | Т3(2)6 | |
| x | Авторский знак | О-83 | ||
| 245 | 10 | a | Заглавие | Открывая новые страницы... |
| b | Продолж. заглавия | Междунар. вопросы: события и люди : [Сборник | ||
| c | Ответственность | Сост. Н. В. Попов; Под общ. ред. А. А. Искендерова] | ||
| 260 | 0_ | a | Место издания | Москва |
| b | Издательство | Политиздат | ||
| c | Дата издания | 1989 | ||
| 300 | a | Объем | 431,[1] с. | |
| b | Иллюстрации/ тип воспроизводства | ил., [8] л. ил. | ||
| 583 | a | Действие | Приписка 236 15.04.98 | |
| k | Исполнитель действия | Взамен утраченных | ||
| 650 | a | Основная рубрика | СССР | |
| x | Основная подрубрика | Внешняя политика | ||
| x | Основная подрубрика | Дипломатия | ||
| x | Основная подрубрика | История | ||
| y | Хронологическая подрубрика | 20 в. | ||
| z | Географическая подрубрика | Россия | ||
| 650 | a | Основная рубрика | Репрессии | |
| y | Хронологическая подрубрика | 1930-1950 гг. | ||
| 653 | a | Ключевые слова | Внешняя политика СССР | |
| a | Ключевые слова | Дипломатия ССР | ||
| a | Ключевые слова | История России | ||
| a | Ключевые слова | История СССР | ||
| a | Ключевые слова | Репрессии в СССР | ||
| a | Ключевые слова | Сборники | ||
| 700 | 1_ | a | Другие авторы | Попов Николай Владимирович |
| e | Роль лиц | сост. | ||
| 700 | 1_ | a | Другие авторы | Искендеров А. А. |
| e | Роль лиц | ред. | ||
| 888 | a | Бесплатные | ||
| 930 | a | Новая/Ретро | Сборники | |
| 952 | p | 236.98 16.44 1 695410 | ||
| c | Вид литературы | К рн | ||
| 954 | a | Дата поступления на обработку | 20.04.98 |